000 01937cam a22001814a 4500
005 20250605164356.0
008 250528s ||||||||||||||||||||||||d
035 _a24329
040 _aGR-AtMCL
_bgre
_dGR-AtMCL
_eAACR2
245 1 _aΘέσεις των Επιμελητηρίων σχετικά με το Σχέδιο Νόμου για τον Εξωδικαστικό Μηχανισμό Ρύθμισης Οφειλών Επιχειρήσεων / Οι Προτάσεις των Επιμελητηρίων Ενόψει της Συνταγματικής Αναθεώρησης
260 _bΕμπορικό Και Βιομηχανικό Επιμελητήριο Αθηνών,
_c2017
300 _a64
520 _aΑνείσπρακτες Οφειλές και Τραπεζικές Πρακτικές και Φόροι 'Σβήνουν' τις Επιχειρήσεις Φωτοβολταϊκών, Επιχειρηματικοί Άγγελοι: Παγκόσμιες Τάσεις, Η Ενίσχυση της Περιβαλλοντικής Νομουεσίας στην Ε.Ε. - Προκλήσεις και Ευκαιρίες για τα Κράτη Μέλη, Στη Βουλή το Νομοσχέδιο για τον Εξωδικαστικό Μηχανισμό Ρύθμισης Οφειλών Επιχειρήσεων, Νέο Πλήγμα Δέχθηκε η Ελληνική Αγορά το Πρώτο Τρίμηνο του Έτους, Ταμεία Επαγγελματικής Ασφάλισης: Η Πρόταση για ένα Βιώσιμο Ασφαλιστικό, Οι Προοπτικές της Κτηματαγοράς για το 2017, Παρουσίαση Δράσης 'Ερευνώ - Δημιουργώ - Καινοτομώ, Ο Νόμος για τη Βραχυχρόνια Μίσθωση Ακινήτων.
700 1 _aΜίχαλος Κωνσταντίνος
_94319
942 _cCR
999 _c9218
_d9218